| 000 | 00925cam a22002291 4500 | ||
|---|---|---|---|
| 005 | 20170327115845.0 | ||
| 008 | 751209s1937 miuafb 000 0 eng | ||
| 040 |
_aDLC _cFMU _dDLC _dCO-BoIAVH |
||
| 041 | 0 | _aeng | |
| 044 | _axxu | ||
| 082 | 0 | 4 |
_a599.36 _bH31r |
| 100 | 1 |
_aHarris, William Pickett _eautor |
|
| 245 | 1 | 0 |
_aRevision of Sciurus variegatoides, a species of Central American squirrel, _cpor William P. Harris, jr. |
| 260 |
_aAnn Arbor, _bUniversity of Michigan, _c1937. |
||
| 300 |
_a39, [1] páginas, 3 placas ; _bilustraciones., placas (algunas a color) ; _c26 x 17 cm. |
||
| 490 | 0 |
_aMiscellaneous publications _vno. 38 |
|
| 504 | _aIncluye referencias bibliográficas: páginas 38-39. | ||
| 650 | 2 | 4 |
_aArdillas _zAmérica Central _xClasificación |
| 650 | 2 | 6 |
_aRodentia _xSciuridae _xIdentificación _zAmérica Central |
| 650 | 2 | 6 |
_aMamíferos _zAmérica Central |
| 942 |
_2ddc _cLIBRO |
||
| 999 |
_c19436 _d19436 |
||